[Event "135th YMCA Winter B"]
[Site "Warszawa"]
[Date "2014.03.04"]
[Round "9"]
[White "Melchers, Damian"]
[Black "Praczukowski, Stanislaw"]
[Result "1/2-1/2"]
[WhiteElo "1952"]
[BlackElo "1902"]
[Annotator "Admin"]
[PlyCount "27"]
[EventDate "2014.01.08"]
[EventType "tourn"]
[EventRounds "1"]
[EventCountry "POL"]
[SourceDate "2014.01.08"]

1. e4 e5 2. Nf3 Nc6 3. Bb5 Nf6 4. d3 Bc5 5. O-O Nd4 6. Nxd4 Bxd4 7. c3 Bb6 8.
Bg5 c6 9. Ba4 d6 10. Nd2 h6 11. Be3 O-O 12. Bxb6 Qxb6 13. Nc4 Qc7 14. Ne3 $11
1/2-1/2

[Event "135th YMCA Winter B"]
[Site "Warszawa"]
[Date "2014.01.23"]
[Round "9"]
[White "Safanowski, Tomasz"]
[Black "Barc, Michal"]
[Result "0-1"]
[WhiteElo "1928"]
[BlackElo "1849"]
[PlyCount "86"]
[EventDate "2014.01.08"]
[EventType "tourn"]
[EventRounds "1"]
[EventCountry "POL"]
[SourceDate "2014.01.08"]

1. e4 d6 2. Nf3 Bg4 3. Bc4 e6 4. Nc3 Nf6 5. O-O Be7 6. d4 O-O 7. Be3 c6 8. a4
d5 9. exd5 cxd5 10. Be2 Nc6 11. Ne5 Bxe2 12. Qxe2 Nd7 13. Nxc6 bxc6 14. a5 a6
15. Na4 Bb4 16. Bd2 Bd6 17. Qg4 f5 18. Qe2 Re8 19. Qh5 Nf6 20. Qh4 Ne4 21. Qxd8
Raxd8 22. Be3 f4 23. Bc1 Rb8 24. f3 Nf6 25. Re1 Nd7 26. Bd2 Kf7 27. Kf1 Rb5 28.
b3 g5 29. Ke2 e5 30. Kd3 exd4 31. Rxe8 Kxe8 32. Re1+ Kf7 33. Kxd4 Rb8 34. Re2
Kf6 35. c4 Be5+ 36. Rxe5 Nxe5 37. Nc5 dxc4 38. Ke4 cxb3 39. Bc3 b2 40. Bxe5+
Ke7 41. Bxb2 Rxb2 42. Nxa6 Ra2 43. Nb8 Ra4+ 0-1

[Event "135th YMCA Winter B"]
[Site "Warszawa"]
[Date "2014.03.12"]
[Round "10"]
[White "Grabowicz, Marcin"]
[Black "Barc, Michal"]
[Result "1-0"]
[WhiteElo "1872"]
[BlackElo "1849"]
[PlyCount "75"]
[EventDate "2014.01.08"]
[EventType "tourn"]
[EventRounds "1"]
[EventCountry "POL"]
[SourceDate "2014.01.08"]

1. e4 e6 2. d4 d5 3. Nc3 Bb4 4. e5 c5 5. a3 Bxc3+ 6. bxc3 Ne7 7. Qg4 Qc7 8.
Qxg7 Rg8 9. Qxh7 cxd4 10. Ne2 dxc3 11. f4 Nbc6 12. Qd3 d4 13. Nxd4 Nxd4 14.
Qxd4 Nf5 15. Bb5+ Bd7 16. Bxd7+ Qxd7 17. Qxd7+ Kxd7 18. O-O b5 19. Rf3 Rac8 20.
Rd3+ Ke7 21. Rb1 Rgd8 22. Rxb5 Rxd3 23. cxd3 Kf8 24. Kf2 c2 25. Ke1 Nh4 26. Kf2
Rc3 27. d4 Nf5 28. Rc5 Rxc5 29. dxc5 Nd4 30. h4 Nb3 31. Be3 Nd4 32. g4 Kg7 33.
Ke1 Nf3+ 34. Ke2 Nxh4 35. c6 Ng6 36. Kd2 Kf8 37. c7 Ne7 38. Bc5 1-0

[Event "135th YMCA Winter B"]
[Site "Warszawa"]
[Date "2014.03.12"]
[Round "10"]
[White "Maj, Pawel"]
[Black "Melchers, Damian"]
[Result "1/2-1/2"]
[WhiteElo "1918"]
[BlackElo "1952"]
[PlyCount "57"]
[EventDate "2014.01.08"]
[EventType "tourn"]
[EventRounds "1"]
[EventCountry "POL"]
[SourceDate "2014.01.08"]

1. c4 e5 2. Nc3 Nf6 3. g3 d5 4. cxd5 Nxd5 5. Bg2 Nb6 6. Nf3 Nc6 7. d3 Be7 8.
O-O Be6 9. Be3 O-O 10. Ne4 Nd5 11. Bc5 f6 12. Bxe7 Qxe7 13. Rc1 Bf7 14. a3 Nd8
15. b4 c6 16. Nc5 Ne6 17. e3 a5 18. e4 Nb6 19. Nh4 g6 20. f4 axb4 21. axb4 Nd4
22. fxe5 fxe5 23. Nf3 Rfd8 24. Ra1 Rxa1 25. Qxa1 Ra8 26. Qd1 Nxf3+ 27. Qxf3 Na4
28. Ra1 Nb6 29. Rxa8+ 1/2-1/2

[Event "135th YMCA Winter B"]
[Site "Warszawa"]
[Date "2014.03.12"]
[Round "10"]
[White "Gajewski, Dariusz"]
[Black "Sawicki, Wojciech"]
[Result "1-0"]
[WhiteElo "1986"]
[BlackElo "1850"]
[Annotator "Admin"]
[PlyCount "161"]
[EventDate "2014.01.08"]
[EventType "tourn"]
[EventRounds "1"]
[EventCountry "POL"]
[SourceDate "2014.01.08"]

1. e4 e5 2. Nf3 Nc6 3. d4 exd4 4. Bc4 Nf6 5. e5 Ng4 6. O-O d6 7. Re1 Be7 8. e6
fxe6 9. Nxd4 Nxd4 10. Qxd4 Ne5 11. Bb3 O-O 12. f4 Nc6 13. Qd3 d5 14. c3 Bc5+
15. Be3 Bxe3+ 16. Qxe3 Qf6 17. g3 Bd7 18. Nd2 Rae8 19. Nf3 b6 20. Ba4 Nb8 21.
Bc2 c5 22. Ne5 Re7 23. Ng4 Qf7 24. Qd3 Qh5 25. Re5 Rf5 26. Rxf5 Qxf5 27. Qxf5
exf5 28. Ne5 Bc8 29. Rd1 Be6 30. Bb3 g6 31. Bxd5 Bxd5 32. Rxd5 Kg7 33. Kf2 Na6
34. a4 Nc7 35. Rd8 Ne6 36. Ra8 Rc7 37. h4 c4 38. Ke3 Nc5 39. Nxc4 Nxa4 40. Kd4
Nc5 41. Nd6 Rd7 42. Ke5 Nd3+ 43. Ke6 Nc5+ 44. Ke5 Nd3+ 45. Kd5 Nc5 46. Kc6 Re7
47. Nc8 Re6+ 48. Kd5 a5 49. b4 axb4 50. cxb4 Re3 51. bxc5 bxc5 52. h5 Rxg3 53.
hxg6 hxg6 54. Nd6 Rg4 55. Ke5 Rg1 56. Ra7+ Kh6 57. Kf6 Kh5 58. Nxf5 Kg4 59. Ne7
Kxf4 $11 60. Ra4+ Ke3 61. Rc4 Rf1+ 62. Kxg6 Kd3 63. Rxc5 Kd4 64. Rd5+ Kc4 65.
Rd8 Kc5 66. Nf5 Kc6 67. Kf6 Kc7 68. Rd2 Kc6 69. Re2 Kc5 70. Ke5 Kc6 71. Ne7+
Kd7 72. Nf5 Kc6 73. Ke6 Rd1 74. Rc2+ Kb5 75. Nd6+ Kb4 76. Kd7 Kb3 77. Rc5 Kb4
78. Kc6 Rh1 79. Rg5 Rc1+ 80. Kb6 Rb1 81. Rb5+ 1-0

[Event "135th YMCA Winter B"]
[Site "Warszawa"]
[Date "2014.03.12"]
[Round "10"]
[White "Kosny, Marek"]
[Black "Rozowski, Marcin"]
[Result "0-1"]
[WhiteElo "1964"]
[BlackElo "1894"]
[Annotator "Admin"]
[PlyCount "112"]
[EventDate "2014.01.08"]
[EventType "tourn"]
[EventRounds "1"]
[EventCountry "POL"]
[SourceDate "2014.01.08"]

1. Nf3 d5 2. d4 Nf6 3. c4 c6 4. Nc3 a6 5. cxd5 cxd5 6. Bg5 Nc6 7. e3 e6 8. Rc1
Be7 9. Bd3 O-O 10. O-O h6 11. Bh4 b5 12. Bb1 Bb7 13. a3 Rc8 14. Qd3 g6 15. b4
Nd7 16. Bg3 Nb6 17. h4 h5 18. Ne2 Bf6 19. Nf4 Re8 20. Nxg6 fxg6 21. Qxg6+ Bg7
22. Rxc6 Bxc6 23. Ne5 Re7 24. Qh7+ Kf8 25. Ng6+ Ke8 26. Bf4 Kd7 27. Bg5 Bf6 28.
Bxf6 Rxh7 29. Ne5+ Kd6 30. Bxd8 Rb7 31. Bg5 Be8 32. Nd3 Rc3 33. Nc5 Ra7 34. e4
Bf7 35. Bf4+ Kc6 36. Rc1 Rxc1+ 37. Bxc1 Nd7 38. exd5+ Kxd5 39. Ba2+ Kd6 40.
Bf4+ Ke7 $11 41. Nb3 Nb6 42. Na5 Kd7 43. f3 Nd5 44. Bg5 Rc7 45. Bxd5 exd5 46.
Nb3 Rc3 47. Nc5+ Kd6 48. a4 bxa4 49. Nxa4 Rc4 50. Nc5 Rxb4 51. Nxa6 Rxd4 52. g3
$11 Ra4 53. Nb8 Kc7 54. Bf4+ Rxf4 55. gxf4 Kxb8 56. Kf2 Kc7 0-1

[Event "135th YMCA Winter B"]
[Site "Warszawa"]
[Date "2014.03.14"]
[Round "10"]
[White "Pastuszko, Kinga"]
[Black "Rusin, Ryszard"]
[Result "1-0"]
[WhiteElo "1887"]
[BlackElo "1840"]
[PlyCount "87"]
[EventDate "2014.01.08"]
[EventType "tourn"]
[EventRounds "1"]
[EventCountry "POL"]
[SourceDate "2014.01.08"]

1. e4 e5 2. Nf3 Nf6 3. Nc3 Bb4 4. Bc4 O-O 5. d3 d5 6. exd5 Nxd5 7. Bd2 Nxc3 8.
bxc3 Bd6 9. O-O Bg4 10. Qe2 Nc6 11. Qe4 Bxf3 12. Qxf3 Rb8 13. Rab1 Na5 14. Bd5
c6 15. Be4 g6 16. g4 Qh4 17. Qg3 Qxg3+ 18. fxg3 Bc5+ 19. Kg2 Rfd8 20. Kf3 Rd6
21. Ke2 Rbd8 22. c4 Nxc4 23. Bg5 f6 24. Bxf6 Na3 25. Rxb7 R6d7 26. Bxc6 Rxb7
27. Bxd8 Rb6 28. Bd5+ Kg7 29. Rf7+ Kh8 30. Bxb6 axb6 31. Bb3 Nb5 32. g5 Nd4+
33. Kd2 Nf5 34. Rc7 Be3+ 35. Ke2 Bxg5 36. c3 h5 37. Rc6 Kg7 38. Rxb6 Be3 39.
Rb7+ Kh6 40. Be6 Bg1 41. Bxf5 gxf5 42. h4 Kg6 43. a4 Bh2 44. Rb6+ 1-0

[Event "135th YMCA Winter B"]
[Site "Warszawa"]
[Date "2014.03.19"]
[Round "11"]
[White "Rusin, Ryszard"]
[Black "Grabowicz, Marcin"]
[Result "0-1"]
[WhiteElo "1840"]
[BlackElo "1872"]
[PlyCount "76"]
[EventDate "2014.01.08"]
[EventType "tourn"]
[EventRounds "1"]
[EventCountry "POL"]
[SourceDate "2014.01.08"]

1. d4 Nf6 2. c4 c5 3. d5 b5 4. a4 bxc4 5. Nc3 g6 6. e4 d6 7. Bxc4 Bg7 8. Nf3
O-O 9. O-O Na6 10. h3 Rb8 11. Qe2 Qa5 12. Nb5 Nb4 13. Bd2 a6 14. Nc3 Nd7 15.
Bf4 Nb6 16. Bb3 c4 17. Bc2 Nxc2 18. Qxc2 Nd7 19. Qe2 Nc5 20. e5 Nd3 21. Qe3
Nxf4 22. Qxf4 Rxb2 23. Qxc4 dxe5 24. Rab1 Rxb1 25. Rxb1 Bf5 26. Qb4 Qc7 27. Re1
Rb8 28. Qa3 Qc4 29. Ne2 Qxd5 30. Qxe7 e4 31. Nf4 Qa5 32. Rxe4 Bxe4 33. Qxe4 Qb4
34. Qe3 Bh6 35. g3 Bxf4 36. gxf4 Qxa4 37. Ng5 Re8 38. Qa7 Qxf4 0-1

[Event "135th YMCA Winter B"]
[Site "Warszawa"]
[Date "2014.02.26"]
[Round "11"]
[White "Rozowski, Marcin"]
[Black "Pastuszko, Kinga"]
[Result "1/2-1/2"]
[WhiteElo "1894"]
[BlackElo "1887"]
[Annotator "Admin"]
[PlyCount "58"]
[EventDate "2014.01.08"]
[EventType "tourn"]
[EventRounds "1"]
[EventCountry "POL"]
[SourceDate "2014.01.08"]

1. e4 c5 2. c3 d5 3. exd5 Qxd5 4. d4 cxd4 5. cxd4 Nc6 6. Nf3 e5 7. Nc3 Bb4 8.
Bd2 Bxc3 9. Bxc3 exd4 10. Nxd4 Nxd4 11. Qxd4 Qxd4 12. Bxd4 Nf6 13. Be2 O-O 14.
Bxf6 gxf6 15. O-O Be6 16. Bf3 Rfd8 17. b3 Bd5 18. Bxd5 Rxd5 19. Rfc1 Re8 20.
Rc2 Red8 21. g3 Kg7 22. Kg2 Rd2 23. Rac1 b6 24. a4 Rxc2 25. Rxc2 Rd3 26. Rc7 a5
27. b4 axb4 28. Rc4 Rb3 29. Kh3 Rb2 $11 1/2-1/2

[Event "135th YMCA Winter B"]
[Site "Warszawa"]
[Date "2014.03.19"]
[Round "11"]
[White "Sawicki, Wojciech"]
[Black "Kosny, Marek"]
[Result "0-1"]
[WhiteElo "1850"]
[BlackElo "1964"]
[PlyCount "50"]
[EventDate "2014.01.08"]
[EventType "tourn"]
[EventRounds "1"]
[EventCountry "POL"]
[SourceDate "2014.01.08"]

1. e4 Nf6 2. e5 Nd5 3. d4 d6 4. Nf3 Bg4 5. Be2 e6 6. h3 Bh5 7. c4 Nb6 8. exd6
cxd6 9. Nc3 Be7 10. O-O O-O 11. b3 Nc6 12. d5 exd5 13. Nxd5 Nxd5 14. Qxd5 Bf6
15. Bg5 Bxg5 16. g4 Bf6 17. Qxh5 Bxa1 18. Rxa1 Qf6 19. Rd1 Rfe8 20. g5 Qg6 21.
Qxg6 hxg6 22. Kf1 Re6 23. Ne1 Rae8 24. Bg4 R6e7 25. Rxd6 Rxe1+ 0-1

[Event "135th YMCA Winter B"]
[Site "Warszawa"]
[Date "2014.03.19"]
[Round "11"]
[White "Sujkowski, Pawel"]
[Black "Gajewski, Dariusz"]
[Result "0-1"]
[WhiteElo "1975"]
[BlackElo "1986"]
[PlyCount "102"]
[EventDate "2014.01.08"]
[EventType "tourn"]
[EventRounds "1"]
[EventCountry "POL"]
[SourceDate "2014.01.08"]

1. e4 c6 2. c4 d5 3. cxd5 cxd5 4. exd5 Qxd5 5. Nc3 Qa5 6. d4 Nf6 7. Nf3 Bg4 8.
Be2 e6 9. O-O Be7 10. Be3 O-O 11. h3 Bh5 12. g4 Bg6 13. Ne5 Nd5 14. Nxg6 hxg6
15. Nxd5 Qxd5 16. Bf3 Qd7 17. d5 exd5 18. Qxd5 Qxd5 19. Bxd5 Nc6 20. Bxc6 bxc6
21. Rac1 Rfc8 22. Rfd1 a5 23. Rd7 Bf6 24. b3 a4 25. b4 Bb2 26. Rc4 a3 27. Kf1
Rd8 28. Rxd8+ Rxd8 29. Ke2 Rd6 30. Re4 f5 31. Bc5 Rd7 32. Re6 Bc3 33. Rd6 Rb7
34. Rd3 Bb2 35. Kd2 fxg4 36. hxg4 Kf7 37. Rd6 Rc7 38. Rd3 Ke6 39. Kc2 Rd7 40.
Rxd7 Kxd7 41. Be3 Ke6 42. Bc1 Bxc1 43. Kxc1 Kd5 44. Kc2 Kc4 45. f4 Kxb4 46. Kd3
c5 47. Kd2 Kc4 48. Kc2 Kd4 49. Kb3 Kd3 50. Kxa3 c4 51. Kb2 Kd2 0-1

[Event "135th YMCA Winter B"]
[Site "Warszawa"]
[Date "2014.03.19"]
[Round "11"]
[White "Safanowski, Tomasz"]
[Black "Maj, Pawel"]
[Result "0-1"]
[WhiteElo "1928"]
[BlackElo "1918"]
[PlyCount "62"]
[EventDate "2014.01.08"]
[EventType "tourn"]
[EventRounds "1"]
[EventCountry "POL"]
[SourceDate "2014.01.08"]

1. b3 e5 2. Bb2 Nc6 3. Nf3 Bd6 4. e4 Nf6 5. Bb5 Qe7 6. O-O O-O 7. Re1 Rd8 8. d4
Nxd4 9. Bxd4 exd4 10. e5 Bb4 11. exf6 Qxf6 12. Nbd2 c6 13. Bd3 d5 14. Qe2 Bg4
15. a3 Bxf3 16. Nxf3 Bxe1 17. Rxe1 c5 18. Ne5 Qe6 19. f4 f6 20. Qh5 g6 21. Bxg6
hxg6 22. Qxg6+ Kf8 23. Qh7 fxe5 24. Rxe5 Rd7 25. Rf5+ Rf7 26. Qh8+ Ke7 27. Qh4+
Kd7 28. Re5 Qf6 29. Rxd5+ Kc6 30. Qh5 b6 31. Qf3 Qxf4 0-1

[Event "135th YMCA Winter B"]
[Site "Warszawa"]
[Date "2014.03.18"]
[Round "11"]
[White "Barc, Michal"]
[Black "Praczukowski, Stanislaw"]
[Result "0-1"]
[WhiteElo "1849"]
[BlackElo "1902"]
[PlyCount "46"]
[EventDate "2014.01.08"]
[EventType "tourn"]
[EventRounds "1"]
[EventCountry "POL"]
[SourceDate "2014.01.08"]

1. d4 Nf6 2. Nf3 e6 3. c4 b6 4. Nc3 Bb7 5. e3 Bb4 6. Bd3 O-O 7. O-O d5 8. Bd2
Nbd7 9. Nxd5 Nxd5 10. cxd5 Bxd2 11. Qxd2 exd5 12. Rac1 c5 13. Bb5 c4 14. b3 Nf6
15. bxc4 a6 16. Ba4 dxc4 17. Bc2 Re8 18. Rfd1 Qd5 19. Qb4 Re6 20. e4 Nxe4 21.
Bxe4 Qxe4 22. Qxc4 Rg6 23. Rd3 Rc6 0-1

[Event "135th YMCA Winter B"]
[Site "Warszawa"]
[Date "2014.02.04"]
[Round "12"]
[White "Maj, Pawel"]
[Black "Barc, Michal"]
[Result "1-0"]
[WhiteElo "1918"]
[BlackElo "1849"]
[PlyCount "43"]
[EventDate "2014.01.08"]
[EventType "tourn"]
[EventRounds "1"]
[EventCountry "POL"]
[SourceDate "2014.01.08"]

1. e4 d6 2. d4 Nf6 3. Nc3 c6 4. f4 Qa5 5. e5 Ne4 6. Nf3 Nxc3 7. bxc3 Qxc3+ 8.
Bd2 Qa3 9. Bd3 Bg4 10. Rb1 b6 11. h3 Bxf3 12. Qxf3 e6 13. O-O g6 14. g4 h5 15.
Rb3 Qa4 16. Bc3 d5 17. f5 gxf5 18. gxf5 Be7 19. fxe6 fxe6 20. Qf7+ Kd8 21. Qg7
Re8 22. Bg6 1-0

[Event "135th YMCA Winter B"]
[Site "Warszawa"]
[Date "2014.01.28"]
[Round "12"]
[White "Gajewski, Dariusz"]
[Black "Melchers, Damian"]
[Result "1/2-1/2"]
[WhiteElo "1986"]
[BlackElo "1952"]
[Annotator "Admin"]
[PlyCount "138"]
[EventDate "2014.01.08"]
[EventType "tourn"]
[EventRounds "1"]
[EventCountry "POL"]
[SourceDate "2014.01.08"]

1. e4 c6 2. d4 d5 3. Nc3 dxe4 4. Nxe4 Bf5 5. Ng3 Bg6 6. Nf3 Nf6 7. Ne5 e6 8.
Nxg6 hxg6 9. Be2 Nbd7 10. Qd3 Bd6 11. Bd2 Qc7 12. O-O-O O-O-O 13. Kb1 e5 14.
Bc3 Nd5 15. Ne4 Nxc3+ 16. Qxc3 Be7 17. d5 cxd5 18. Qxc7+ Kxc7 19. Rxd5 f5 20.
Nc3 Bf6 21. h3 Nb6 22. Rxd8 Rxd8 23. Rd1 Rxd1+ 24. Bxd1 Kc6 25. Be2 Nd5 26.
Nxd5 Kxd5 27. c4+ Kd4 28. Kc2 Bh4 29. g3 Be7 30. a3 g5 31. Kd1 f4 32. gxf4 gxf4
33. Bg4 Kxc4 34. Be6+ $11 Kd4 35. Ke2 e4 36. f3 e3 37. a4 Kc5 38. b3 Kb4 39.
Kd3 Bd6 40. Bd5 b6 41. Be6 a6 42. Bd5 b5 43. axb5 axb5 44. Be6 Be5 45. Bd5 Bf6
46. Be6 Bh4 47. Bd5 Ka3 48. Be6 Kb2 49. Ke2 Kc3 50. Bd5 Kc2 51. Be6 Bf6 52. Bd5
Bc3 53. Be6 Bd2 54. Bd5 Kc3 55. Bf7 Kd4 56. Be6 Ke5 57. Bf7 Kf5 58. Bd5 Kg5 59.
Be6 Kh4 60. Bf5 Kg3 61. Be6 Kg2 62. Bf5 Bc3 63. Be6 Ba5 64. Bf5 Kg3 65. Be6 Bc3
66. Bf5 Kh4 67. Be6 g6 68. Bd7 b4 69. Be6 Kg3 1/2-1/2

[Event "135th YMCA Winter B"]
[Site "Warszawa"]
[Date "2014.03.20"]
[Round "12"]
[White "Kosny, Marek"]
[Black "Sujkowski, Pawel"]
[Result "1/2-1/2"]
[WhiteElo "1964"]
[BlackElo "1975"]
[Annotator "Admin"]
[PlyCount "37"]
[EventDate "2014.01.08"]
[EventType "tourn"]
[EventRounds "1"]
[EventCountry "POL"]
[SourceDate "2014.01.08"]

1. c4 c5 2. Nc3 Nc6 3. g3 g6 4. Bg2 Bg7 5. Nf3 e6 6. O-O Nge7 7. d3 O-O 8. Bf4
d6 9. Qd2 Re8 10. Ne4 e5 11. Bg5 Rf8 12. Nf6+ Kh8 13. Nd5 f6 14. Nxe7 Qxe7 15.
Bh6 Rb8 16. Ne1 Nd4 17. Bxg7+ Kxg7 18. Nc2 Nxc2 19. Qxc2 $11 1/2-1/2

[Event "135th YMCA Winter B"]
[Site "Warszawa"]
[Date "2014.03.18"]
[Round "12"]
[White "Pastuszko, Kinga"]
[Black "Sawicki, Wojciech"]
[Result "0-1"]
[WhiteElo "1887"]
[BlackElo "1850"]
[PlyCount "64"]
[EventDate "2014.01.08"]
[EventType "tourn"]
[EventRounds "1"]
[EventCountry "POL"]
[SourceDate "2014.01.08"]

1. e4 e5 2. Nf3 Nc6 3. Bc4 Nf6 4. d4 exd4 5. e5 Ng4 6. Qe2 Qe7 7. Bf4 f6 8.
exf6 Nxf6 9. Nbd2 d5 10. Bd3 Bg4 11. Bxc7 Qxe2+ 12. Kxe2 Bb4 13. a3 Bxd2 14.
Kxd2 Bxf3 15. gxf3 O-O 16. Rhg1 Rf7 17. Bg3 Nh5 18. Be2 Nf4 19. Bxf4 Rxf4 20.
Rg5 Rd8 21. Rag1 Rf7 22. R1g4 Re7 23. Rf5 a6 24. Rgg5 Rde8 25. Bd3 Ne5 26. Rg3
Nc4+ 27. Bxc4 dxc4 28. b4 Re2+ 29. Kc1 Rxf2 30. Rfg5 Re1+ 31. Kb2 g6 32. Rg2
Rff1 0-1

[Event "135th YMCA Winter B"]
[Site "Warszawa"]
[Date "2014.02.28"]
[Round "12"]
[White "Rusin, Ryszard"]
[Black "Rozowski, Marcin"]
[Result "1/2-1/2"]
[WhiteElo "1840"]
[BlackElo "1894"]
[Annotator "Admin"]
[PlyCount "122"]
[EventDate "2014.01.08"]
[EventType "tourn"]
[EventRounds "1"]
[EventCountry "POL"]
[SourceDate "2014.01.08"]

1. d4 d5 2. c4 c6 3. Nc3 Nf6 4. e3 a6 5. a3 b5 6. cxd5 cxd5 7. Bd3 Bg4 8. Qc2
Nbd7 9. h3 Bh5 10. g4 Bg6 11. Bxg6 hxg6 12. g5 Nh5 13. Nxd5 Rc8 14. Qe4 e6 15.
Nf3 Bd6 16. Bd2 O-O 17. Nf4 Nxf4 18. exf4 Nb6 19. h4 Nd5 20. h5 Ne7 21. Ke2 Qd7
22. hxg6 Nxg6 23. Ne5 Bxe5 24. fxe5 Rfd8 25. Bc3 Qd5 26. Qxd5 Nf4+ 27. Kd2 Nxd5
28. Rh4 Kf8 29. Ba5 Re8 30. g6 fxg6 31. Rg1 Kf7 32. Rhg4 Rc4 33. Kd3 Rec8 34.
R1g3 Ne7 35. Bc3 Rh8 36. b3 Rcc8 37. Bb4 Nf5 38. Rf3 Rcd8 39. Bc5 Rh1 40. Kc3
a5 41. Kc2 Rc8 42. Re4 g5 43. Ree3 Kg6 44. Rc3 b4 45. axb4 axb4 46. Rc4 Ra8 47.
Rxb4 Ra2+ 48. Kd3 g4 49. Rf4 Kg5 50. Re4 Rxf2 51. d5 Rf3+ 52. Kc4 exd5+ 53.
Kxd5 g3 54. e6 Rd3+ 55. Kc6 Rh8 56. e7 Re8 57. Rb5 Kf6 58. Rb7 g2 59. Rg4 Nxe7+
60. Bxe7+ Rxe7 61. Rxe7 Kxe7 $11 1/2-1/2

[Event "135th YMCA Winter B"]
[Site "Warszawa"]
[Date "2014.03.20"]
[Round "13"]
[White "Rozowski, Marcin"]
[Black "Grabowicz, Marcin"]
[Result "1/2-1/2"]
[WhiteElo "1894"]
[BlackElo "1872"]
[Annotator "Admin"]
[PlyCount "26"]
[EventDate "2014.01.08"]
[EventType "tourn"]
[EventRounds "1"]
[EventCountry "POL"]
[SourceDate "2014.01.08"]

1. e4 e5 2. Nf3 d6 3. d4 exd4 4. Nxd4 Nf6 5. Nc3 g6 6. Be2 Bg7 7. O-O O-O 8. f4
Bd7 9. Bf3 Nc6 10. Be3 Re8 11. Re1 Nxd4 12. Bxd4 Bc6 13. Qd3 Nd7 $11 1/2-1/2

[Event "135th YMCA Winter B"]
[Site "Warszawa"]
[Date "2014.03.06"]
[Round "13"]
[White "Sujkowski, Pawel"]
[Black "Pastuszko, Kinga"]
[Result "1/2-1/2"]
[WhiteElo "1975"]
[BlackElo "1887"]
[Annotator "Admin"]
[PlyCount "42"]
[EventDate "2014.01.08"]
[EventType "tourn"]
[EventRounds "1"]
[EventCountry "POL"]
[SourceDate "2014.01.08"]

1. Nf3 d6 2. d4 f5 3. c4 Nf6 4. Nc3 g6 5. e3 Bg7 6. Be2 O-O 7. b4 Nbd7 8. O-O
Kh8 9. Ng5 Nb6 10. f4 h6 11. Nf3 Be6 12. Qb3 c6 13. a4 d5 14. Ne5 Kh7 15. c5
Nbd7 16. Bd2 Qc7 17. Rab1 Ne4 18. Nxe4 fxe4 19. b5 Rab8 20. bxc6 bxc6 21. Qc2
Nxe5 $11 1/2-1/2

[Event "135th YMCA Winter B"]
[Site "Warszawa"]
[Date "2014.03.26"]
[Round "13"]
[White "Melchers, Damian"]
[Black "Kosny, Marek"]
[Result "1/2-1/2"]
[WhiteElo "1952"]
[BlackElo "1964"]
[Annotator "Admin"]
[PlyCount "42"]
[EventDate "2014.01.08"]
[EventType "tourn"]
[EventRounds "1"]
[EventCountry "POL"]
[SourceDate "2014.01.08"]

1. Nf3 c5 2. e4 Nc6 3. d3 g6 4. g3 Bg7 5. Bg2 Nf6 6. O-O O-O 7. c3 d5 8. e5 Ne8
9. Bf4 Nc7 10. Qd2 Bg4 11. Re1 f6 12. exf6 Bxf6 13. Ne5 Nxe5 14. Bxe5 Bxe5 15.
Rxe5 Rf5 16. Qe1 Rxe5 17. Qxe5 Qd7 18. Nd2 Bf5 19. d4 cxd4 20. cxd4 Rd8 21. Re1
Qe6 $11 1/2-1/2

[Event "135th YMCA Winter B"]
[Site "Warszawa"]
[Date "2014.02.21"]
[Round "13"]
[White "Barc, Michal"]
[Black "Gluszko, Monika"]
[Result "0-1"]
[WhiteElo "1849"]
[BlackElo "1900"]
[PlyCount "124"]
[EventDate "2014.01.08"]
[EventType "tourn"]
[EventRounds "1"]
[EventCountry "POL"]
[SourceDate "2014.01.08"]

1. d4 Nf6 2. c4 g6 3. f3 Bg7 4. e4 d6 5. Be3 O-O 6. Nc3 Nbd7 7. Qd2 e5 8. d5
Nh5 9. g4 Nf4 10. O-O-O Nc5 11. Kb1 f5 12. h3 Bh6 13. Nge2 fxe4 14. fxe4 Qh4
15. Bg2 Nxe2 16. Bxh6 Nxc3+ 17. bxc3 Rf2 18. Rdf1 Rxf1+ 19. Rxf1 Bd7 20. Qe3
Qe7 21. Qf3 b5 22. cxb5 Bxb5 23. Rd1 Rb8 24. Ka1 Qh4 25. Qe3 Qf6 26. Rb1 Qd8
27. Bf1 Ba4 28. Rxb8 Qxb8 29. Qg5 Bc2 30. Qc1 Bxe4 31. Bc4 Na4 32. Bb3 Nc5 33.
Bc4 Nd3 34. Bxd3 Bxd3 35. Be3 a6 36. Qb2 Qxb2+ 37. Kxb2 Bc4 38. Ba7 Kf7 39. Bb8
Bxd5 40. Bxc7 Ke6 41. a3 g5 42. Bd8 h6 43. h4 gxh4 44. Bxh4 Bf3 45. g5 h5 46.
c4 Be4 47. Kc3 Bg6 48. c5 dxc5 49. Kc4 Kd6 50. Bg3 Bf7+ 51. Kc3 Kd5 52. Bf2 e4
53. a4 c4 54. a5 Be8 55. Bg3 e3 56. Be1 Bf7 57. Bh4 Ke4 58. g6 Bxg6 59. Kxc4
Kf3 60. Kd4 e2 61. Kc3 Kg4 62. Be1 h4 0-1